[Event "Prague Golden Seniors 65 op"]
[Site "Prague"]
[Date "2024.06.28"]
[Round "7"]
[White "Pavlicek, Petr"]
[Black "Lebeda, Dusan"]
[Result "1-0"]
[WhiteElo "1904"]
[BlackElo "1811"]
[PlyCount "91"]
[EventDate "2024.06.22"]
[EventType "swiss"]
[EventRounds "7"]
[EventCountry "CZE"]
[SourceTitle "CBM 220 Extra"]
[Source "ChessBase"]
[SourceDate "2024.07.31"]
[SourceVersion "1"]
[SourceVersionDate "2024.07.31"]
[SourceQuality "1"]

1. Nf3 d5 2. c4 c6 3. d4 Nf6 4. e3 e6 5. Qc2 Bd6 6. b3 Bd7 7. Be2 Na6 8. 0-0 Ne4 9. Nc3 f5 10. Ne5 0-0 11. f3 Nxc3 12. Qxc3 Nc7 13. Bb2 Ne8 14. Rae1 Nf6 15. Bd3 Be8 16. Qd2 Nd7 17. Nxd7 Qxd7 18. e4 fxe4 19. fxe4 Bg6 20. Rxf8+ Rxf8 21. exd5 exd5 22. Bxg6 hxg6 23. Qe2 Qf7 24. g3 Qf5 25. Rf1 Qxf1+ 26. Qxf1 Rxf1+ 27. Kxf1 Kf7 28. Ke2 Kf6 29. Kf3 Kf5 30. Bc1 a6 31. a4 b5 32. cxb5 cxb5 33. h3 Be7 34. h4 Bd6 35. Bf4 Bxf4 36. g4+ Kf6 37. Kxf4 bxa4 38. bxa4 a5 39. g5+ Ke6 40. Kg4 Kf7 41. h5 gxh5+ 42. Kxh5 g6+ 43. Kh6 Kg8 44. Kxg6 Kh8 45. Kf7 Kh7 46. g6+ 1-0

[Event "Prague Golden Seniors 65 op"]
[Site "Prague"]
[Date "2024.06.25"]
[Round "4"]
[White "Lebeda, Dusan"]
[Black "Plasek, Zdenek"]
[Result "0-1"]
[WhiteElo "1811"]
[BlackElo "1961"]
[PlyCount "110"]
[EventDate "2024.06.22"]
[EventType "swiss"]
[EventRounds "7"]
[EventCountry "CZE"]
[SourceTitle "CBM 220 Extra"]
[Source "ChessBase"]
[SourceDate "2024.07.31"]
[SourceVersion "1"]
[SourceVersionDate "2024.07.31"]
[SourceQuality "1"]

1. d4 Nf6 2. Nc3 d5 3. Bf4 a6 4. e3 b5 5. a3 Bb7 6. Nf3 e6 7. Ne5 Nbd7 8. Bd3 c5 9. dxc5 Nxc5 10. 0-0 Be7 11. Be2 0-0 12. Nd3 Rc8 13. Bf3 Qb6 14. Be5 Rfd8 15. Ne2 Nce4 16. c3 Ng5 17. Nd4 Nd7 18. Bg3 Nxf3+ 19. Nxf3 a5 20. Qb3 b4 21. axb4 Ba6 22. Qd1 axb4 23. Re1 bxc3 24. bxc3 Bxd3 25. Qxd3 Qb3 26. Red1 Nc5 27. Qb1 Qxb1 28. Raxb1 Ne4 29. Be5 Nxc3 30. Bxc3 Rxc3 31. Ne1 Rdc8 32. Nd3 Bd6 33. h3 g6 34. Kf1 Kg7 35. Kg1 R8c6 36. Kf1 Ra3 37. Ra1 Rcc3 38. Rxa3 Rxa3 39. Ke2 Ra2+ 40. Kf1 Kf6 41. Ne1 Be5 42. Nd3 Ra1 43. Ke2 Rxd1 44. Kxd1 Bd6 45. Ke2 e5 46. Ne1 Ke6 47. Kd3 e4+ 48. Ke2 Bc5 49. f3 h5 50. g4 Kf6 51. Ng2 Bd6 52. Kf2 hxg4 53. hxg4 Kg5 54. Ke2 Bg3 55. Kf1 exf3 0-1

[Event "Prague Golden Seniors 65 op"]
[Site "Prague"]
[Date "2024.06.24"]
[Round "3"]
[White "Horinek, Karel"]
[Black "Lebeda, Dusan"]
[Result "0-1"]
[WhiteElo "2017"]
[BlackElo "1811"]
[PlyCount "72"]
[EventDate "2024.06.22"]
[EventType "swiss"]
[EventRounds "7"]
[EventCountry "CZE"]
[SourceTitle "CBM 220 Extra"]
[Source "ChessBase"]
[SourceDate "2024.07.31"]
[SourceVersion "1"]
[SourceVersionDate "2024.07.31"]
[SourceQuality "1"]

1. e4 c6 2. d4 d5 3. e5 c5 4. Nc3 Nc6 5. Bb5 e6 6. Nf3 a6 7. Bxc6+ bxc6 8. 0-0 a5 9. a4 Ba6 10. Re1 Qb6 11. Rb1 cxd4 12. Qxd4 Qxd4 13. Nxd4 Kd7 14. Nb3 Bb4 15. Be3 Ne7 16. Nc5+ Kc7 17. Nxa6+ Rxa6 18. Red1 Rb8 19. Ne2 Nc8 20. f4 Nb6 21. b3 Nd7 22. Kf2 Bc5 23. Nd4 Bxd4 24. Bxd4 g6 25. g4 c5 26. Bb2 Nb6 27. Ba3 Kc6 28. Kg3 d4 29. c3 Nd5 30. cxd4 Nc3 31. Bxc5 Nxd1 32. Rxd1 Rxb3+ 33. Kh4 h6 34. Rg1 Rf3 35. Bf8 Rxf4 36. Bxh6 Rxd4 0-1